2019 AFL Draft Top 20 Picks - Statistics

General Stats
  • This quiz has been taken 11 times
  • The average score is 10 of 20
Answer Stats
Pick Team Answer % Correct
1 Gold Coast Matt Rowell
100%
2 Gold Coast Noah Anderson
100%
8 Fremantle Caleb Serong
91%
10 GWS Tom Green
82%
12 Melbourne Kysaiah Pickett
55%
9 Fremantle Liam Henry
55%
3 Melbourne Luke Jackson
55%
13 Hawthorn Will Day
55%
16 Geelong Cooper Stephens
45%
5 Sydney Dylan Stephens
45%
7 Fremantle Hayden Young
45%
4 GWS Lachlan Ash
45%
19 Geelong Sam De Koning
45%
11 Gold Coast Sam Flanders
45%
17 Carlton Brodie Kemp
36%
6 Adelaide Fischer McAsey
36%
14 Port Adelaide Miles Bergman
36%
15 Bulldogs Cody Weightman
27%
18 Port Adelaide Mitch Georgiades
27%
20 Carlton Sam Philp
18%
No matching quizzes found
Score Distribution
Percent of People with Each Score
Percentile by Number Answered
Your Score History
You have not taken this quiz